000 00586nam a2200229 a 4500
001 nice12345678
003 IN_TiNIC
005 20260116011857.0
008 070824s1930 sina grp 000 0 eng
020 _a
_c25
082 0 0 _a297.122521
_bSAR
100 _aSarwar, A H Ghulam
245 _aTranslation of the Holy Quran
260 _aSingapore
_bAl-Haj Hafiz Ghulam Sarwar
_c1930
300 _a377p
500 _aincludes index and biblioraphy
650 _aQuran-Translation-English
700 1 _aSarwar, A H Ghulam
902 _bSRS
942 _cBK
999 _c4651
_d4651